| 000 | 00972cam a2200169ua 4500 | ||
|---|---|---|---|
| 041 |
_aeng _h |
||
| 082 |
_a629.114 _bIND/ME |
||
| 100 | _aIndian standards institutio, ISI . | ||
| 110 | 1 |
_aIndian standards institution . _bISI _c() |
|
| 245 | 0 | 0 |
_aMethods of test for power take-off drive shaft guard,IS:8265-1983 / _cIndian standards institution. _hTextual Documents |
| 250 |
_a1 / _b. |
||
| 260 |
_a : _bISI , _c1984. |
||
| 300 | _a8 ; . | ||
| 504 | _a | ||
| 942 | _cBK | ||
| 999 |
_c4198 _d4198 |
||